00735nam a22002297a 4500003000200000005001700002008004100019020002200060050002200082100003600104245009700140250002100237260004100258300006200299500001300361504002100374650002300395650001700418650001800435700002500453700002700478020250211145444.0250211b xxu||||| |||| 00| 0 eng d a978-981-499-537-5 aRJ 245b.H63 2024 aHockenberry, Marilyn J., author aWong's nursing care of infants and children, volume 2cMarilyn J. Hockenberry and two others atwelfth edition  aSingaporebElsevier Pte. Ltd. c2024 axxxi, 1432 pages :billustrations and pictures ; c27cm.  avolume 2 aIncludes index.  aPediatric nursing. aInfant care. aNursing care. aDuffy, Elizabeth A.  aGibbs, Karen DiValerio